| 000 | 00604nam a22001817a 4500 | ||
|---|---|---|---|
| 003 | CEME | ||
| 005 | 20210628202850.0 | ||
| 008 | 210203b xxu||||| |||| 00| 0 eng d | ||
| 020 | _a0-8031-2030-3 | ||
| 040 | _c. | ||
| 082 | _a628.53 CHA | ||
| 100 |
_aTichenor, Bruce A _962037 |
||
| 245 | _aCharacterizing sources of indoor air pollution and related sink effects | ||
| 260 |
_aUSA _bASTM _c1996 |
||
| 300 | _a406P | ||
| 650 |
_aINDOOR AIR POLLUTION- MEASUREMENT- CONGRESSES, INDOOR AIR POLLUTION- MATHEMATICAL MODELS CONGRESSES, SINKS- (ATMOSPHERIC CHEMISTRY) CONGRESSES _962038 |
||
| 942 |
_cBK _2ddc |
||
| 999 |
_c571276 _d571276 |
||